HBF regional survey of house builders (Record no. 79558)

MARC details
000 -LEADER
fixed length control field 01135cab a22002055a 4500
001 - CONTROL NUMBER
control field L141652
008 - FIXED-LENGTH DATA ELEMENTS--GENERAL INFORMATION
fixed length control field 071210s2007 xxkd f s 000 0 eng d
035 ## - SYSTEM CONTROL NUMBER
System control number (Sirsi) u141652
041 ## - LANGUAGE CODE
Language code of text/sound track or separate title eng
110 2# - MAIN ENTRY--CORPORATE NAME
Corporate name or jurisdiction name as entry element Home Builders Federation
9 (RLIN) 4896
245 00 - TITLE STATEMENT
Title HBF regional survey of house builders
Remainder of title September 2007
260 ## - PUBLICATION, DISTRIBUTION, ETC.
Date of publication, distribution, etc. 2007
490 ## - SERIES STATEMENT
Series statement Housing Market Report
Volume/sequential designation (184) October 2007, 7-12(6)
520 ## - SUMMARY, ETC.
Summary, etc. Finds that the number of site visitors and net reservations were significantly lower than those in September 2006. Visitor and reservation numbers both fell from their August 2007 levels. Industry optimism over new home sales growth also declined. New home prices fell, and it was found that a quarter of house builders expect prices to fall over the next year. House builders are showing increased concern over buyer confidence, as well as mortgage rates and terms. Planning delays remain the biggest constraint on production.
590 ## - LOCAL NOTE (RLIN)
Local note KA
650 24 - SUBJECT ADDED ENTRY--TOPICAL TERM
Topical term or geographic name entry element HBF REGIONAL SURVEY OF HOUSE BUILDERS
651 #4 - SUBJECT ADDED ENTRY--GEOGRAPHIC NAME
Geographic name England and Wales
Chronological subdivision 1543-
690 ## - LOCAL SUBJECT ADDED ENTRY--TOPICAL TERM (OCLC, RLIN)
Topical term or geographic name as entry element PROPERTY-RESIDENTIAL PROPERTY-RESIDENTIAL PROPERTY MARKET
942 ## - ADDED ENTRY ELEMENTS (KOHA)
Suppress in OPAC 0
Holdings
Withdrawn status Lost status Source of classification or shelving scheme Damaged status Not for loan Home library Current library Shelving location Date acquired Total Checkouts Full call number Barcode Date last seen Copy number Price effective from Koha item type
    Dewey Decimal Classification     London London Journal article 10/12/2007   L141652 141652-1001 06/08/2019 1 06/08/2019 Journal article